Who Sings These Songs – B Artists - Statistics

General Stats
  • This quiz has been taken 42 times
  • The average score is 12 of 25
Answer Stats
Hint Answer % Correct
Overprotected | …Baby One More Time Britney Spears
95%
It’s my Life | Livin’ On A Prayer Bon Jovi
93%
Piano Man | Uptown Girl Billy Joel
90%
I Gotta Feeling | My Humps Black Eyed Peas
90%
Single Ladies | Crazy in Love Beyoncé
88%
Let It Be | Here Comes the Sun The Beatles
83%
Everybody | I Want It That Way Backstreet Boys
80%
Locked Out Of Heaven | Just the Way You Are Bruno Mars
80%
bad guy | BIRDS OF A FEATHER Billie Eilish
78%
Daddy CooL | Rasputin Boney M.
68%
One Way or Another | Heart of Glass Blondie
60%
Dynamite | Butter BTS
50%
If You Were a Woman | Holding Out for a Hero Bonnie Tyler
48%
Me porto bonito | MONACO Bad Bunny
38%
The Way We Were | Evergreen Barbra Streisand
30%
Not About Angels | Skinny Love Birdy
18%
Can You Feel My Heart | Drown Bring Me The Horizon
15%
BANG BANG BANG | Fantastic Baby BIGBANG
13%
Lovesick Girls | As If It’s Your Last Blackpink
13%
Worldwide | 24/Seven Big Time Rush
8%
Knives and Pens | Fallen Angels Black Veil Brides
8%
Call It Whatever | Phantom Bella Thorne
5%
I Know | Bounce Back Big Sean
5%
Hopeful | Lighthouse Bars and Melody
3%
Panic | Take My Half Beomgyu
3%
No matching quizzes found
Score Distribution
Percent of People with Each Score
Percentile by Number Answered
Your Score History
You have not taken this quiz